000 00424nam a2200157Ia 4500
008 210716s2002 xx 000 0 und d
020 _a8187328681
041 _aeng
082 _a515.9 ARUS
100 _aArumugam, s;Isaac, A Thangapandi;Somasundaram, A.
245 _aComplex analysis.
250 _a1
260 _aChennai
_bScitech Publications Pvt Ltd.
_c2002
300 _a258
650 _aComplex Analysis(515.93)
999 _c185299
_d185299